00357 2200157 4500001002100000005001500021035002000036245003400056100001200090300001200102260002900114082000800143084001400151020002200165990001200187INLIS00000000000310920251007114644 a0010-10250000131 aLima Bintang Timur /cTisa TS0 aTisa TS a210 hlm aJakarta :bEsensi,c2024 a813 a813 TIS l a978-623-7478-93-5 a0754895